ˆDas ‰Problem Mensch in der Philosophie (Запись № 10541168)

Подробности
000 -МАРКЕР
контрольное поле 01127nam0a22003251 4500
001 - ИДЕНТИФИКАТОР ЗАПИСИ
контрольное поле RU\INFOCOMM_322\NLR\5000260100
005 - ИДЕНТИФИКАТОР ВЕРСИИ
контрольное поле 20250614080447.0
010 ## - МЕЖДУНАРОДНЫЙ СТАНДАРТНЫЙ НОМЕР КНИГИ (ISBN)
Номер (ISBN) 5-02-022350-6
035 ## - ДРУГИЕ СИСТЕМНЫЕ НОМЕРА
Идентификатор записи (NLR Aleph) 010602243
100 ## - ДАННЫЕ ОБЩЕЙ ОБРАБОТКИ
Данные общей обработки 20130323d1988 |||y0rusy50 ca
101 0# - ЯЗЫК РЕСУРСА
Язык текста, звукозаписи и т.д. немецкий
102 ## - СТРАНА ПУБЛИКАЦИИ ИЛИ ПРОИЗВОДСТВА
Страна публикации Российская Федерация
105 ## - ПОЛЕ КОДИРОВАННЫХ ДАННЫХ: ТЕКСТОВЫЕ МАТЕРИАЛЫ, МОНОГРАФИЧЕСКИЕ
Кодированные данные о монографическом текстовом документе y z||||
200 1# - ЗАГЛАВИЕ И СВЕДЕНИЯ ОБ ОТВЕТСТВЕННОСТИ
Основное заглавие ˆDas ‰Problem Mensch in der Philosophie
Сведения, относящиеся к заглавию Thema des XVIII. Weitkongresses für Philosophie (Brighton, Aug. 1988)
Первые сведения об ответственности Zusgest. von Kand. der philos. Wiss. V. Ratschkow
210 ## - ПУБЛИКАЦИЯ, РАСПРОСТРАНЕНИЕ И ДР.
Место издания, распространения и т.д. M.
Имя издателя, распространителя и т. д. Gesellschaftswiss. u. Gegenwart
Дата издания, распространения и т.д. 1988
215 ## - ФИЗИЧЕСКАЯ ХАРАКТЕРИСТИКА
Специфическое обозначение материала и объем 224 с.
Другие сведения о физической характеристике ил.
Размеры 20 см
225 1# - СЕРИЯ
Основное заглавие серии Probleme der modernen Welt
Обозначение тома 58
320 ## - ПРИМЕЧАНИЯ О НАЛИЧИИ В ДОКУМЕНТЕ БИБЛИОГРАФИИ / УКАЗАТЕЛЯ
Текст примечания Библиогр.: с. 219-221
606 0# - НАИМЕНОВАНИЕ ТЕМЫ КАК ПРЕДМЕТ
Наименование темы Человек (филос.)
Код системы nlr_sh1
620 ## - МЕСТО И ДАТА ПУБЛИКАЦИИ, ИСПОЛНЕНИЯ И Т. Д.
Страна Москва
686 ## - ИНДЕКСЫ ДРУГИХ КЛАССИФИКАЦИЙ
Индекс А550.7я43
Код системы
702 #1 - ИМЯ ЛИЦА - ВТОРИЧНАЯ ОТВЕТСТВЕННОСТЬ
Системный номер авторитетной/нормативной записи z01790
Начальный элемент ввода Račkov
Часть имени, кроме начального элемента ввода V.
Код отношения Редактор
712 12 - НАИМЕНОВАНИЕ ОРГАНИЗАЦИИ - ВТОРИЧНАЯ ОТВЕТСТВЕННОСТЬ
Начальный элемент ввода Internationaler philocophischer Kongress
Порядковый номер временной организации и / или порядковый номер ее части 18
Место проведения временной организации Brighton
Дата проведения временной организации 1988
Код отношения Прочие
790 #1 - ИМЯ ЛИЦА - АЛЬТЕРНАТИВНАЯ ФОРМА
Системный номер авторитетной/нормативной записи z01702
Начальный элемент ввода Ratschkow
Часть имени, кроме начального элемента ввода V.
Код отношения Редактор
801 #1 - ИСТОЧНИК ЗАПИСИ
Страна Российская Федерация
Организация Infocomm
Дата составления 20130323
801 #0 - ИСТОЧНИК ЗАПИСИ
Страна Российская Федерация
Организация INFOCOMM
Правила каталогизации PSBO
852 ## - МЕСТОНАХОЖДЕНИЕ И ШИФР ХРАНЕНИЯ
Идентификатор организации NLR
Шифр хранения (Call Number) P22/3750
942 ## - ДОПОЛНИТЕЛЬНЫЕ ЭЛЕМЕНТЫ ЗАПИСИ (АБИС)
Тип экземпляра АБИС Книга
980 ## - КОЛЛЕКЦИЯ
Название коллекции Национальная библиография

Нет доступных экземпляров.